| 000 | 00984cam a22002651 4500 | ||
|---|---|---|---|
| 020 | _a0213764040 | ||
| 082 | 0 | 0 |
_a940.542145 _bSHE _cL-30 -II, P-9A |
| 100 | 1 |
_aShepperd, G. A. _948839 |
|
| 245 | 1 | 4 |
_aThe Italian campaign 1943-45; _ba political and military re-assessment _c[by] G. A. Shepperd. |
| 260 |
_aLondon, _bBarker, _c1968. |
||
| 300 |
_axiii, 450 p. _b16 plates, illus., 15 maps, ports. _c24 cm. |
||
| 500 | _aMaps on lining papers. | ||
| 526 |
_a0 _b0 _c0 _d940_542145000000000_SHE |
||
| 526 |
_a0 _b0 _c0 _d940_542145000000000_SHE |
||
| 526 |
_a0 _b0 _c0 _d940_542145000000000_SHE |
||
| 526 |
_a0 _b0 _c0 _d940_542145000000000_SHE |
||
| 526 |
_a0 _b0 _c0 _d940_542145000000000_SHE |
||
| 526 |
_a0 _b0 _c0 _d940_542145000000000_SHE |
||
| 526 |
_a0 _b0 _c0 _d940_542145000000000_SHE |
||
| 526 |
_a0 _b0 _c0 _d940_542145000000000_SHE |
||
| 526 |
_a0 _b0 _c0 _d940_542145000000000_SHE |
||
| 650 | 0 |
_aMCE _9379 |
|
| 650 | 0 |
_aWorld War, 1939-1945 _xCampaigns _zItaly. _912837 |
|
| 942 |
_2ddc _cBK |
||
| 999 |
_c551708 _d551708 |
||